000 00358nam a2200157 i 4500
001 bg
245 0 _aFizika mineralov.
250 _aVyp. 3.
260 _aKazan :
_bIzdat. Kazanskogo Universiteta,
_c1971.
300 _as. 118 :
_bilustr.
040 _cBPK
041 _apol
080 _a548
942 _cKS
008 s pl f |000 0 pol
999 _c14346
_d14346
856 _uhttp://koha.tu.koszalin.pl/cgi-bin/koha/opac-detail.pl?biblionumber=14346
_yKatalog online BPK